00878nab a2200241uuc4500001000800000005001700008008004100025035001200066035002100078040001300099041000800112100005000120245006500170650003300235650003200268650002700300650003300327650003200360700004900392773016600441942001000607999001900617104136320241213142029.0070815e20070301 spa  a1041363 a(OCoLC)820221440 ccomduadb aspa10aArias Gómez, Paola Andrea4auteaut943929210aEstimacion de la relacion adimensional de budyko en Colombia aCiencias de la tierra943824 aBalance de energía967448 aPrecipitación956184 aEvapotranspiración9176670 7aBiodiversidad2embne95850610aPoveda Jaramillo, Germán4auteaut93422460 tRevista de la Academia Colombiana de Ciencias Exactas, Físicas y Naturales (Bogotá)gVolumen 31, Número 118, Marzo 2007, p. 69-78w100681x0370-3908093888 cARIMP c429044d429044